Statistics for Biggest towns of East Dunbartonshire

Click here to take the quiz!

General Stats

  • This quiz has been taken 4 times
  • The average score is 8 of 9

Answer Stats

PopulationTown% Correct
23,550Bishopbriggs
100%
22,030Kirkintilloch
100%
12,800Milngavie
100%
2,300Torrance
100%
28,500Bearsden
75%
4,240Lennoxtown
75%
8,200Lenzie
75%
3,900Milton of Campsie
75%
1,360Twechar
50%

Score Distribution

Percentile by Number Answered

Percent of People with Each Score

Your Score History

You have not taken this quiz